Alimentos diferenciados (Registro nro. 22812)

Detalles MARC
000 -LEADER
fixed length control field 00369 a2200133 4500
001 - CONTROL NUMBER
control field ART_6693
005 - DATE AND TIME OF LATEST TRANSACTION
control field 20260410161826.0
008 - FIXED-LENGTH DATA ELEMENTS--GENERAL INFORMATION
fixed length control field 260409a
100 1# - MAIN ENTRY--PERSONAL NAME
Personal name Rodriguez, Elsa
245 10 - TITLE STATEMENT
Title Alimentos diferenciados
700 1# - ADDED ENTRY--PERSONAL NAME
Personal name Lupín, Beatriz
700 1# - ADDED ENTRY--PERSONAL NAME
Personal name Lacaze, María Victoria
773 0# - HOST ITEM ENTRY
Title FACES
Related parts - Año 13, Nº 28 (ene./jun. 2007)
Record control number REV5046

No hay ítems disponibles.